[Event "1.b HSL 19 "]
[Site "Mali Losinj"]
[Date "2019.09.30"]
[Round "3.34"]
[White "Zufic, Miroslav"]
[Black "Bosnjak, Petar"]
[Result "0-1"]
[WhiteElo "2382"]
[BlackElo "2265"]
[PlyCount "186"]
[EventDate "2019.09.28"]
[EventCountry "CRO"]
[WhiteTeam "ŠK PULA, Pula"]
[BlackTeam "ŠK VINKOVCI, Vinkovci"]

1. e4 c5 2. Nf3 d6 3. d4 cxd4 4. Nxd4 Nf6 5. Nc3 a6 6. Be2 e5 7. Nf3 h6 8. Nd2
Be6 9. Nc4 Nc6 10. Be3 Be7 11. Nd5 Bxd5 12. exd5 Na7 13. Nb6 Rb8 14. a4 Nc8 15.
a5 O-O 16. O-O Nxb6 17. Bxb6 Qe8 18. c4 Nd7 19. Be3 Bg5 20. Bxg5 hxg5 21. Qd2
Qe7 22. b4 Rbc8 23. Rac1 e4 24. Qd4 f5 25. Rc3 Qe5 26. Qxe5 Nxe5 27. c5 dxc5
28. bxc5 Rfd8 29. c6 bxc6 30. Bxa6 Rc7 31. dxc6 Ra8 32. Bb5 Rxa5 33. Rc5 Nf7
34. Rd1 g6 35. h3 Kg7 36. Rd7 Raa7 37. Rxc7 Rxc7 38. Rd5 Kf6 39. Kf1 Ke6 40.
Rd1 Ne5 41. Ba4 Nxc6 42. Rc1 Kd5 43. Bb3+ Kd6 44. Rd1+ Ke7 45. Rc1 Kd8 46. Rc5
Ne7 47. Ra5 Rc3 48. Ra8+ Kc7 49. Bf7 Rc6 50. g3 Kd6 51. Ra7 f4 52. gxf4 gxf4
53. Ra5 Rc1+ 54. Kg2 Nf5 55. h4 Nxh4+ 56. Kh3 g5 57. Rxg5 Nf3 58. Ra5 Rg1 59.
Bh5 Ne5 60. Kh2 Rg5 61. Ra6+ Kc5 62. Be2 f3 63. Bf1 Kd4 64. Ra4+ Kd5 65. Ra5+
Ke6 66. Ra6+ Kd5 67. Ra5+ Kd6 68. Ra6+ Nc6 69. Ra8 Rg7 70. Ra6 Kd5 71. Ra4 Nd4
72. Ra5+ Kd6 73. Rh5 Ne2 74. Rh8 Ke5 75. Bh3 Kd4 76. Rd8+ Kc3 77. Re8 Kd3 78.
Rd8+ Nd4 79. Bf1+ Kc3 80. Re8 Kd2 81. Rxe4 Ne2 82. Re3 Rf7 83. Bh3 Ke1 84. Re8
Kxf2 85. Rh8 Rg7 86. Rh4 Ke3 87. Rh8 Nf4 88. Bf1 Kf2 89. Bb5 Rg2+ 90. Kh1 Rg1+
91. Kh2 Rg6 92. Bc4 Ne2 93. Rh4 Rg2+ 0-1

[Event "1.b HSL 19 "]
[Site "Mali Losinj"]
[Date "2019.09.30"]
[Round "3.35"]
[White "Pucovski, Miroslav"]
[Black "Krsnik Cohar, Ivan Vihor"]
[Result "1/2-1/2"]
[WhiteElo "2238"]
[BlackElo "2340"]
[PlyCount "82"]
[EventDate "2019.09.28"]
[EventCountry "CRO"]
[WhiteTeam "ŠK VINKOVCI, Vinkovci"]
[BlackTeam "ŠK PULA, Pula"]

1. e4 c6 2. d4 d5 3. e5 Bf5 4. Nf3 e6 5. Be2 Ne7 6. O-O Bg6 7. Nh4 Nf5 8. Nxf5
Bxf5 9. g4 Bg6 10. f4 Qd7 11. c4 dxc4 12. Bxc4 Be4 13. Nc3 Bd5 14. Nxd5 cxd5
15. Bd3 Nc6 16. Be3 Qc7 17. f5 Qb6 18. Rc1 Be7 19. fxe6 fxe6 20. Kh1 g6 21. g5
Kd7 22. Be2 Raf8 23. Bg4 Nxe5 24. Qa4+ Nc6 25. Rfe1 Re8 26. b4 Bxb4 27. Rxc6
bxc6 28. Rb1 a5 29. a3 Qb5 30. Qd1 Rhf8 31. axb4 axb4 32. Be2 Qb6 33. Qd2 b3
34. Bf4 Ra8 35. Qe3 b2 36. Qe5 Rxf4 37. Qxf4 Ra1 38. Qf7+ Kd6 39. Qf4+ Ke7 40.
Qf6+ Kd7 41. Qf7+ Kd6 1/2-1/2

[Event "1.b HSL 19 "]
[Site "Mali Losinj"]
[Date "2019.09.30"]
[Round "3.36"]
[White "Ciganovic, Nikola"]
[Black "Bubalovic, Davorin"]
[Result "1-0"]
[WhiteElo "2219"]
[BlackElo "2212"]
[PlyCount "55"]
[EventDate "2019.09.28"]
[EventCountry "CRO"]
[WhiteTeam "ŠK PULA, Pula"]
[BlackTeam "ŠK VINKOVCI, Vinkovci"]

1. e4 e5 2. Nf3 Nc6 3. d4 exd4 4. Nxd4 Bc5 5. Nb3 Bb6 6. Nc3 Qf6 7. Qe2 Nge7 8.
Be3 O-O 9. O-O-O d6 10. Kb1 Be6 11. f4 Rfe8 12. Bxb6 axb6 13. Qd2 Bxb3 14. cxb3
Ra5 15. a3 Raa8 16. Nb5 Rac8 17. g3 Qe6 18. Qc2 g6 19. h4 h6 20. Bh3 f5 21. h5
gxh5 22. exf5 Qf6 23. Rhe1 Nd8 24. Na7 Ra8 25. Qxc7 Nf7 26. Re6 Qg7 27. Qxb7
Qxg3 28. Rxe7 1-0

[Event "1.b HSL 19 "]
[Site "Mali Losinj"]
[Date "2019.09.30"]
[Round "3.41"]
[White "Ruck, Robert"]
[Black "Sokolov, Ivan"]
[Result "1/2-1/2"]
[WhiteElo "2530"]
[BlackElo "2584"]
[PlyCount "132"]
[EventDate "2019.09.28"]
[EventCountry "CRO"]
[WhiteTeam "ŠK ĐURO ĐAKOVIĆ, Slavonski Brod"]
[BlackTeam "ŠK STRIDON, Štrigova"]

1. Nf3 d5 2. g3 Bg4 3. Bg2 e6 4. c4 Nd7 5. cxd5 exd5 6. O-O Ngf6 7. Nc3 Be7 8.
h3 Bxf3 9. Bxf3 d4 10. Ne4 Nxe4 11. Bxe4 Nc5 12. Bg2 a5 13. d3 O-O 14. Bd2 c6
15. Qc2 Re8 16. Rfb1 Qd7 17. Bxa5 Rxa5 18. b4 Rb5 19. bxc5 Rxc5 20. Qb2 Bd8 21.
a4 Ba5 22. Rc1 Bc3 23. Qb6 Rce5 24. Rab1 Rxe2 25. Qxb7 Qf5 26. Rf1 Be1 27. Qxc6
Bxf2+ 28. Kh1 Qxd3 29. Qf3 Qxf3 30. Bxf3 Rd2 31. a5 g6 32. a6 d3 33. Rbd1 Rxd1
34. Rxd1 Re6 35. Bb7 Rd6 36. Kg2 Ba7 37. g4 Kg7 38. Kf3 f5 39. gxf5 gxf5 40.
Kf4 Kf6 41. Rd2 h5 42. h4 Rd4+ 43. Ke3 f4+ 44. Kf3 Ke5 45. Rd1 Rd8 46. Rd2 Be3
47. Rd1 Rd7 48. Bc6 Rc7 49. Be4 Rc2 50. Rf1 Rc3 51. Rd1 d2 52. Bb7 Ra3 53. Ke2
Kd4 54. Rb1 Kc3 55. Rd1 Ra4 56. Rh1 Ra5 57. Rf1 Re5 58. Kf3 Re6 59. Ra1 Bc5 60.
Be4 Rxa6 61. Rb1 Be3 62. Ke2 Re6 63. Bf3 Kc2 64. Rd1 Bd4+ 65. Kf1 Re3 66. Bxh5
f3 1/2-1/2

[Event "1.b HSL 19 "]
[Site "Mali Losinj"]
[Date "2019.09.30"]
[Round "3.42"]
[White "Nemeth, Miklos"]
[Black "Horvath, Adam"]
[Result "1/2-1/2"]
[WhiteElo "2488"]
[BlackElo "2495"]
[PlyCount "35"]
[EventDate "2019.09.28"]
[EventCountry "CRO"]
[WhiteTeam "ŠK STRIDON, Štrigova"]
[BlackTeam "ŠK ĐURO ĐAKOVIĆ, Slavonski Brod"]

1. e4 c5 2. Nf3 e6 3. d4 cxd4 4. Nxd4 a6 5. Bd3 Bc5 6. Nb3 Ba7 7. O-O Nc6 8. c4
Nf6 9. Qe2 d6 10. Be3 Bxe3 11. Qxe3 e5 12. Nc3 Be6 13. Rfd1 O-O 14. Bf1 Qb8 15.
Rd2 Rd8 16. Nd5 Bxd5 17. cxd5 Ne7 18. Rc1 1/2-1/2

[Event "1.b HSL 19 "]
[Site "Mali Losinj"]
[Date "2019.09.30"]
[Round "3.43"]
[White "Dabo-Peranic, Robert"]
[Black "Krstic, Uros"]
[Result "1-0"]
[WhiteElo "2322"]
[BlackElo "2354"]
[PlyCount "60"]
[EventDate "2019.09.28"]
[EventCountry "CRO"]
[WhiteTeam "ŠK ĐURO ĐAKOVIĆ, Slavonski Brod"]
[BlackTeam "ŠK STRIDON, Štrigova"]

1. e4 d5 2. exd5 Nf6 3. d4 Bg4 4. f3 Bf5 5. g4 Bg6 6. c4 e6 7. Nc3 Be7 8. h4 h6
9. h5 Bh7 10. dxe6 Nc6 11. Be3 O-O 12. Bd3 fxe6 13. Nge2 Nb4 14. Bxh7+ Nxh7 15.
O-O c5 16. d5 exd5 17. Nxd5 Nxd5 18. Qxd5+ Qxd5 19. cxd5 Rad8 20. Rad1 b6 21.
Bf4 Bf6 22. b3 Rd7 23. Kg2 Rfd8 24. d6 Re8 25. Ng3 Bd4 26. Rfe1 Rxe1 27. Rxe1
Nf6 28. Nf5 Kf7 29. Kg3 Nd5 30. Rd1 Nc3 1-0

[Event "1.b HSL 19 "]
[Site "Mali Losinj"]
[Date "2019.09.30"]
[Round "3.44"]
[White "Trbojevic, Mladen"]
[Black "Rubil, Marko"]
[Result "0-1"]
[WhiteElo "2338"]
[BlackElo "2269"]
[PlyCount "44"]
[EventDate "2019.09.28"]
[EventCountry "CRO"]
[WhiteTeam "ŠK STRIDON, Štrigova"]
[BlackTeam "ŠK ĐURO ĐAKOVIĆ, Slavonski Brod"]

1. d4 Nf6 2. Nf3 d5 3. Bf4 c5 4. e3 Nc6 5. Nbd2 Bg4 6. c3 e6 7. Qa4 Nd7 8. Ne5
Ncxe5 9. Bxe5 Bh5 10. dxc5 f6 11. Bg3 Bxc5 12. Bd3 O-O 13. O-O Ne5 14. Bc2 Bb6
15. e4 d4 16. Bxe5 fxe5 17. cxd4 Bxd4 18. Nb3 Bxf2+ 19. Kh1 Be2 20. Rfc1 Qh4
21. Qd7 Rf6 22. Bd3 Qxh2+ 0-1

[Event "1.b HSL 19 "]
[Site "Mali Losinj"]
[Date "2019.09.30"]
[Round "3.45"]
[White "Martic, Zlatko"]
[Black "Vernacki, Srdjan"]
[Result "1-0"]
[WhiteElo "2283"]
[BlackElo "2318"]
[PlyCount "236"]
[EventDate "2019.09.28"]
[EventCountry "CRO"]
[WhiteTeam "ŠK ĐURO ĐAKOVIĆ, Slavonski Brod"]
[BlackTeam "ŠK STRIDON, Štrigova"]

1. d4 Nf6 2. c4 e6 3. Nf3 c5 4. d5 exd5 5. cxd5 d6 6. Nc3 g6 7. Bf4 a6 8. a4
Bg7 9. h3 O-O 10. Nd2 Nh5 11. Bh2 f5 12. Nc4 f4 13. Qb3 Nd7 14. Nxd6 Bd4 15.
Nde4 Ndf6 16. Ng5 Bxc3+ 17. bxc3 Qxd5 18. Qxd5+ Nxd5 19. e4 Nxc3 20. Ra3 h6 21.
Rxc3 hxg5 22. Rxc5 Re8 23. Bc4+ Be6 24. Bxe6+ Rxe6 25. f3 b5 26. axb5 axb5 27.
O-O Rb6 28. Rb1 b4 29. Rc2 b3 30. Rcb2 Ra3 31. Kf1 Kf7 32. Bg1 Rc6 33. Bd4 Rc4
34. Bf2 Rc3 35. Ke2 Ra2 36. Bd4 Ng3+ 37. Kd2 Rc2+ 38. Rxc2 Rxc2+ 39. Kd3 Rxg2
40. Rxb3 Nf1 41. Rb7+ Ke6 42. Rb6+ Kf7 43. e5 Rd2+ 44. Kc3 Re2 45. Rf6+ Ke8 46.
Rxg6 Nh2 47. e6 Nxf3 48. Bc5 Kd8 49. Rg8+ Kc7 50. e7 Kc6 51. Bb4 Re3+ 52. Kb2
Kb5 53. Rb8+ Kc4 54. Bd6 Kd5 55. Ba3 Re2+ 56. Kb3 Re3+ 57. Ka4 Ng1 58. Rb5+ Kc4
59. Rxg5 Nxh3 60. Rc5+ Kd3 61. Rb5 Ke2 62. Rb2+ Kf1 63. Rh2 Ng1 64. Bc5 Re4+
65. Kb5 f3 66. Rh1 f2 67. Rh2 Rxe7 68. Rxf2+ Ke1 69. Rg2 Rb7+ 70. Kc6 Rf7 71.
Rxg1+ Ke2 72. Kd5 Rf5+ 73. Kc4 Kf3 74. Bd4 Ra5 75. Kd3 Ra3+ 76. Bc3 Kf4 77.
Rf1+ Kg5 78. Kd4 Ra4+ 79. Kd3 Ra3 80. Kd4 Ra4+ 81. Kd5 Ra3 82. Bd4 Ra5+ 83. Ke4
Kg6 84. Rg1+ Kf7 85. Be5 Ra2 86. Kf5 Rf2+ 87. Bf4 Ra2 88. Rh1 Kg8 89. Be5 Kf7
90. Rh7+ Kf8 91. Bf6 Ke8 92. Re7+ Kf8 93. Rd7 Ke8 94. Rb7 Ra6 95. Re7+ Kf8 96.
Kg6 Ra2 97. Rd7 Rg2+ 98. Bg5 Re2 99. Rh7 Ke8 100. Bf6 Rf2 101. Re7+ Kf8 102.
Rd7 Rg2+ 103. Bg5 Re2 104. Rd8+ Re8 105. Rd3 Re2 106. Rd4 Re1 107. Kf6 Rf1+
108. Bf4 Ke8 109. Ke6 Kf8 110. Be5 Ke8 111. Ra4 Rd1 112. Ra7 Rd2 113. Re7+ Kd8
114. Rh7 Kc8 115. Rc7+ Kd8 116. Rc4 Rd1 117. Bf6+ Ke8 118. Be5 Ra1 1-0

[Event "1.b HSL 19 "]
[Site "Mali Losinj"]
[Date "2019.09.30"]
[Round "3.46"]
[White "Tomasic, Roland"]
[Black "Matanovic, Luka"]
[Result "0-1"]
[WhiteElo "2102"]
[BlackElo "2245"]
[PlyCount "96"]
[EventDate "2019.09.28"]
[EventCountry "CRO"]
[WhiteTeam "ŠK STRIDON, Štrigova"]
[BlackTeam "ŠK ĐURO ĐAKOVIĆ, Slavonski Brod"]

1. e4 e5 2. Nf3 Nc6 3. Bb5 Nf6 4. O-O Nxe4 5. d4 Nd6 6. Bxc6 dxc6 7. dxe5 Nf5
8. Qxd8+ Kxd8 9. Nc3 Ke8 10. b3 Be7 11. Bb2 h5 12. Ne4 b6 13. Rfe1 c5 14. Rad1
Be6 15. c4 a5 16. Nc3 Rd8 17. Nd5 Rd7 18. Nf4 g5 19. Rxd7 Kxd7 20. Nd5 g4 21.
Nd2 Kc6 22. Nxe7+ Nxe7 23. Ne4 a4 24. Nf6 Rd8 25. Bc3 Nf5 26. Kf1 Rd3 27. Rc1
axb3 28. axb3 Nd4 29. Bxd4 cxd4 30. Nxh5 Rxb3 31. Ke2 Kc5 32. Nf4 Bxc4+ 33. Ke1
Kb4 34. h4 gxh3 35. Nxh3 c5 36. f4 Rb2 37. g4 d3 38. Rd1 Re2+ 39. Kf1 d2 40.
Nf2 Re1+ 41. Kg2 Rxd1 42. Nxd1 Be2 43. Nf2 Bxg4 44. Kg3 d1=Q 45. Nxd1 Bxd1 46.
f5 Bb3 47. Kf4 Bd5 48. Ke3 Kc3 0-1

[Event "1.b HSL 19 "]
[Site "Mali Losinj"]
[Date "2019.09.30"]
[Round "3.51"]
[White "Medvegy, Zoltan"]
[Black "Nagy, Gabor"]
[Result "0-1"]
[WhiteElo "2539"]
[BlackElo "2484"]
[PlyCount "52"]
[EventDate "2019.09.28"]
[EventCountry "CRO"]
[WhiteTeam "ŠK GORAN, Bibinje"]
[BlackTeam "ŠK BJELOVAR, Bjelovar"]

1. c4 c5 2. g3 Nc6 3. Bg2 g6 4. Nc3 Bg7 5. a3 d6 6. Rb1 a5 7. Nf3 Nh6 8. d3 Nf5
9. Bd2 O-O 10. O-O Bd7 11. Ne1 Rb8 12. e3 Na7 13. a4 Nc6 14. Nb5 Nb4 15. Bc3 e5
16. e4 Bxb5 17. axb5 Nd4 18. Bxd4 cxd4 19. Nf3 b6 20. b3 f5 21. exf5 gxf5 22.
Qd2 Qf6 23. Rbd1 Rbe8 24. Rfe1 Bh6 25. Qe2 e4 26. dxe4 d3 0-1

[Event "1.b HSL 19 "]
[Site "Mali Losinj"]
[Date "2019.09.30"]
[Round "3.52"]
[White "Srbis, Jurica"]
[Black "Rezan, Sasa"]
[Result "1/2-1/2"]
[WhiteElo "2445"]
[BlackElo "2432"]
[PlyCount "98"]
[EventDate "2019.09.28"]
[EventCountry "CRO"]
[WhiteTeam "ŠK BJELOVAR, Bjelovar"]
[BlackTeam "ŠK GORAN, Bibinje"]

1. d4 d5 2. c4 e6 3. Nc3 Nf6 4. cxd5 exd5 5. Bg5 c6 6. e3 Nbd7 7. Qc2 Be7 8.
Bd3 Nh5 9. Bxe7 Qxe7 10. Nge2 Nb6 11. h3 Be6 12. g4 Nf6 13. Nf4 g5 14. Nxe6
fxe6 15. O-O-O O-O-O 16. f4 h6 17. Rhf1 Kb8 18. Rf3 Rhf8 19. Rdf1 Nfd7 20. Kb1
Qg7 21. Qh2 Ka8 22. h4 gxf4 23. Rxf4 Rxf4 24. Qxf4 e5 25. dxe5 Nxe5 26. Be2
Nbc4 27. Ka1 a6 28. Qd4 Qe7 29. Na4 Qxh4 30. b3 c5 31. Qxc5 Nd2 32. Rc1 Qf6 33.
Nb6+ Kb8 34. Qd4 Qd6 35. Qxd2 Qxb6 36. Rd1 Nc6 37. Bf3 Qc7 38. Qc3 Qe5 39. Kb2
d4 40. exd4 Nxd4 41. a4 Qf4 42. Ka2 Nc6 43. Rxd8+ Nxd8 44. Qd3 Kc7 45. Qc2+ Kb8
46. Qg2 Kc7 47. Bd5 Qd6 48. Qc2+ Nc6 49. Bxc6 Qxc6 1/2-1/2

[Event "1.b HSL 19 "]
[Site "Mali Losinj"]
[Date "2019.09.30"]
[Round "3.53"]
[White "Bilobrk, Franjo"]
[Black "Cop, Tomislav"]
[Result "1/2-1/2"]
[WhiteElo "2334"]
[BlackElo "2349"]
[PlyCount "79"]
[EventDate "2019.09.28"]
[EventCountry "CRO"]
[WhiteTeam "ŠK GORAN, Bibinje"]
[BlackTeam "ŠK BJELOVAR, Bjelovar"]

1. d4 Nf6 2. c4 g6 3. Nc3 Bg7 4. e4 d6 5. h3 O-O 6. Bg5 Nbd7 7. Nf3 e5 8. d5 a5
9. g4 Nc5 10. Nd2 Qe8 11. Be2 Bd7 12. Be3 Qb8 13. Qc2 c6 14. Nb3 Nxb3 15. Qxb3
a4 16. Qc2 cxd5 17. exd5 Rc8 18. Qd2 Be8 19. Rc1 Nd7 20. f3 Nc5 21. Ne4 b6 22.
h4 Ra7 23. h5 f6 24. hxg6 hxg6 25. Bh6 Nxe4 26. fxe4 g5 27. Rc3 Bg6 28. Bxg7
Rxg7 29. Qe3 Rcc7 30. Qf3 Rgf7 31. Kd2 Qa7 32. Rh6 Kg7 33. Rxg6+ Kxg6 34. Qf5+
Kg7 35. Rh3 b5 36. Rh7+ Kg8 37. Qg6+ Rg7 38. Rxg7+ Rxg7 39. Qe8+ Kh7 40. Qh5+
1/2-1/2

[Event "1.b HSL 19 "]
[Site "Mali Losinj"]
[Date "2019.09.30"]
[Round "3.54"]
[White "Petrusic, Toni"]
[Black "Biliskov, Vjekoslav"]
[Result "1/2-1/2"]
[WhiteElo "2272"]
[BlackElo "2333"]
[PlyCount "92"]
[EventDate "2019.09.28"]
[EventCountry "CRO"]
[WhiteTeam "ŠK BJELOVAR, Bjelovar"]
[BlackTeam "ŠK GORAN, Bibinje"]

1. e4 c5 2. Nf3 a6 3. c3 d5 4. exd5 Qxd5 5. d4 Nf6 6. Be2 e6 7. O-O Nc6 8. c4
Qd6 9. Be3 cxd4 10. Nxd4 Bd7 11. Nc3 Nxd4 12. Qxd4 Qxd4 13. Bxd4 Bc6 14. Rfd1
Be7 15. a3 O-O 16. b4 Ne4 17. Nxe4 Bxe4 18. Bb6 Rfc8 19. Ra2 Bd8 20. Be3 Bc7
21. Rad2 Bc6 22. Rc1 Be5 23. f4 Bf6 24. Kf2 Rd8 25. Rcd1 Rxd2 26. Rxd2 Kf8 27.
Bf3 Rd8 28. Rxd8+ Bxd8 29. Bxc6 bxc6 30. Bc5+ Ke8 31. Ke3 Bc7 32. Bd4 f6 33.
Ke4 h5 34. g3 Kd7 35. h3 Bd6 36. c5 Bc7 37. a4 Ke7 38. Bc3 Kd7 39. Bb2 Ke7 40.
Bd4 Kd7 41. g4 hxg4 42. hxg4 Ke7 43. Bc3 Kf7 44. Kf3 Ke7 45. Ke4 Kf7 46. Kf3
Ke7 1/2-1/2

[Event "1.b HSL 19 "]
[Site "Mali Losinj"]
[Date "2019.09.30"]
[Round "3.55"]
[White "Sinanovic, Muhamed"]
[Black "Mihalincic, Tomislav"]
[Result "1-0"]
[WhiteElo "2312"]
[BlackElo "2241"]
[PlyCount "75"]
[EventDate "2019.09.28"]
[EventCountry "CRO"]
[WhiteTeam "ŠK GORAN, Bibinje"]
[BlackTeam "ŠK BJELOVAR, Bjelovar"]

1. Nf3 e6 2. g3 d5 3. Bg2 Nf6 4. O-O Be7 5. d3 c5 6. Nbd2 Nc6 7. e4 Qc7 8. Re1
dxe4 9. dxe4 e5 10. Nc4 Be6 11. Nfd2 O-O-O 12. Ne3 g6 13. c4 Nd4 14. Nd5 Nxd5
15. cxd5 Bd7 16. a4 h5 17. Nb3 h4 18. Bd2 hxg3 19. hxg3 Kb8 20. Nxd4 cxd4 21.
b4 Bh3 22. Bf3 f6 23. b5 Qd7 24. Qe2 Bd6 25. Rec1 Qh7 26. Qd3 g5 27. a5 Rdg8
28. a6 f5 29. b6 axb6 30. axb7 Qxb7 31. exf5 Rh7 32. Rc6 Rd7 33. Rb1 Ka7 34.
Ba5 Bc7 35. d6 Bd8 36. Bxb6+ Bxb6 37. Rcxb6 Qxb6 38. Qa3+ 1-0

[Event "1.b HSL 19 "]
[Site "Mali Losinj"]
[Date "2019.09.30"]
[Round "3.56"]
[White "Machata, Martin"]
[Black "Zelic, Mladen"]
[Result "0-1"]
[WhiteElo "2179"]
[BlackElo "2209"]
[PlyCount "66"]
[EventDate "2019.09.28"]
[EventCountry "CRO"]
[WhiteTeam "ŠK BJELOVAR, Bjelovar"]
[BlackTeam "ŠK GORAN, Bibinje"]

1. Nf3 f5 2. g3 Nf6 3. Bg2 g6 4. b4 Bg7 5. Bb2 O-O 6. c4 e6 7. O-O b6 8. Ne5 d5
9. d4 Bb7 10. c5 bxc5 11. bxc5 Nc6 12. Qb3 Rb8 13. Qa3 g5 14. Nd2 Ne4 15. Rad1
Qe8 16. Ndf3 g4 17. Nxc6 gxf3 18. exf3 Bxc6 19. fxe4 dxe4 20. Bc1 Ba4 21. Rd2
Qc6 22. Qe3 Bb5 23. Re1 Bc4 24. f3 exf3 25. Bxf3 Bd5 26. Bxd5 exd5 27. Ba3 Bh6
28. Qd3 Bxd2 29. Qxd2 Rbe8 30. Kf1 Re4 31. Bc1 Qf6 32. Bb2 f4 33. Qf2 f3 0-1

[Event "1.b HSL 19 "]
[Site "Mali Losinj"]
[Date "2019.10.01"]
[Round "4.11"]
[White "Sedlak, Nikola"]
[Black "Nagy, Gabor"]
[Result "1/2-1/2"]
[WhiteElo "2572"]
[BlackElo "2484"]
[PlyCount "53"]
[EventDate "2019.09.28"]
[EventCountry "CRO"]
[WhiteTeam "ŠK ŠIBENIK, Šibenik"]
[BlackTeam "ŠK BJELOVAR, Bjelovar"]

1. d4 d5 2. Nf3 Nf6 3. c4 e6 4. Nc3 a6 5. cxd5 exd5 6. Bg5 Be6 7. e3 Nbd7 8.
Bd3 h6 9. Bh4 g5 10. Bg3 Nh5 11. Be5 Nhf6 12. h3 Nxe5 13. Nxe5 Nd7 14. Nf3 Bg7
15. Qc2 Qe7 16. O-O-O O-O-O 17. e4 Nb6 18. Rhe1 dxe4 19. Bxe4 Qb4 20. Bf5 Bxf5
21. Qxf5+ Kb8 22. a3 Qc4 23. Kb1 Rd7 24. Ne5 Bxe5 25. dxe5 Rhd8 26. Rxd7 Rxd7
27. Qe4 1/2-1/2

[Event "1.b HSL 19 "]
[Site "Mali Losinj"]
[Date "2019.10.01"]
[Round "4.12"]
[White "Srbis, Jurica"]
[Black "Nikcevic, Nebojsa"]
[Result "1-0"]
[WhiteElo "2445"]
[BlackElo "2415"]
[PlyCount "61"]
[EventDate "2019.09.28"]
[EventCountry "CRO"]
[WhiteTeam "ŠK BJELOVAR, Bjelovar"]
[BlackTeam "ŠK ŠIBENIK, Šibenik"]

1. d4 Nf6 2. c4 e6 3. Nc3 Bb4 4. e3 O-O 5. Bd3 d5 6. Nf3 c5 7. O-O Nc6 8. cxd5
exd5 9. dxc5 Bxc5 10. b3 Bg4 11. h3 Bh5 12. Bb2 a6 13. Rc1 Ba7 14. Be2 Qd6 15.
Nd4 Bg6 16. Nxc6 bxc6 17. Bf3 Bb8 18. g3 Ba7 19. Ne2 Be4 20. Nf4 Rfe8 21. Bxf6
Bxf3 22. Qxf3 Qxf6 23. Kg2 Rad8 24. Nd3 Qd6 25. Rc2 Qg6 26. Rc3 Rd6 27. Rfc1
Re4 28. Nf4 Qf5 29. Rxc6 Rxc6 30. Rxc6 g6 31. Rxa6 1-0

[Event "1.b HSL 19 "]
[Site "Mali Losinj"]
[Date "2019.10.01"]
[Round "4.13"]
[White "Matkovic, Tonci"]
[Black "Cop, Tomislav"]
[Result "1/2-1/2"]
[WhiteElo "2281"]
[BlackElo "2349"]
[PlyCount "80"]
[EventDate "2019.09.28"]
[EventCountry "CRO"]
[WhiteTeam "ŠK ŠIBENIK, Šibenik"]
[BlackTeam "ŠK BJELOVAR, Bjelovar"]

1. e4 c6 2. Nf3 d5 3. exd5 cxd5 4. Ne5 Nf6 5. d4 g6 6. c3 Bg7 7. Be2 O-O 8. O-O
Nbd7 9. Nd3 Ne4 10. Bf4 Ndf6 11. a4 Bf5 12. a5 Nd6 13. a6 b6 14. Nb4 Rc8 15.
Nd2 h6 16. Be5 Nde4 17. Nf3 g5 18. Ne1 e6 19. Bb5 Nd6 20. Bc6 Ng4 21. Bg3 Rc7
22. Nec2 h5 23. h3 Nf6 24. Na3 g4 25. Bxd6 Qxd6 26. Nb5 Qd8 27. Nxc7 Qxc7 28.
h4 g3 29. fxg3 Qxg3 30. Qe1 Qd6 31. Rf3 Be4 32. Qg3 Qd8 33. Rf4 Kh8 34. Qg5 Rg8
35. Raf1 Bf8 36. Qxf6+ Qxf6 37. Rxf6 Rxg2+ 38. Kh1 Rf2+ 39. Kg1 Rg2+ 40. Kh1
Rf2+ 1/2-1/2

[Event "1.b HSL 19 "]
[Site "Mali Losinj"]
[Date "2019.10.01"]
[Round "4.14"]
[White "Petrusic, Toni"]
[Black "Vlaic, Branko"]
[Result "1-0"]
[WhiteElo "2272"]
[BlackElo "2270"]
[PlyCount "65"]
[EventDate "2019.09.28"]
[EventCountry "CRO"]
[WhiteTeam "ŠK BJELOVAR, Bjelovar"]
[BlackTeam "ŠK ŠIBENIK, Šibenik"]

1. e4 c6 2. d4 d5 3. Nc3 dxe4 4. Nxe4 Bf5 5. Ng3 Bg6 6. h4 h6 7. Nf3 Nd7 8. h5
Bh7 9. Bd3 Bxd3 10. Qxd3 e6 11. Bd2 Ngf6 12. O-O-O Be7 13. Kb1 O-O 14. Ne4 Nxe4
15. Qxe4 Nf6 16. Qe2 Qd5 17. Rde1 Qb5 18. c4 Qf5+ 19. Ka1 Rfd8 20. Bc3 Nxh5 21.
Ne5 Nf4 22. Qf3 Bg5 23. g4 Qf6 24. Qe4 Re8 25. Bd2 Rad8 26. Be3 Rd6 27. a3 Red8
28. Ka2 Rc8 29. Nf3 g6 30. Rh2 Rcd8 31. Reh1 b6 32. Nxg5 hxg5 33. Qe5 1-0

[Event "1.b HSL 19 "]
[Site "Mali Losinj"]
[Date "2019.10.01"]
[Round "4.15"]
[White "Grgurevic, Boris"]
[Black "Mihalincic, Tomislav"]
[Result "1/2-1/2"]
[WhiteElo "2177"]
[BlackElo "2241"]
[PlyCount "81"]
[EventDate "2019.09.28"]
[EventCountry "CRO"]
[WhiteTeam "ŠK ŠIBENIK, Šibenik"]
[BlackTeam "ŠK BJELOVAR, Bjelovar"]

1. e4 e5 2. Nf3 Nc6 3. d4 exd4 4. Nxd4 Bc5 5. Be3 Qf6 6. c3 Nge7 7. Be2 Bb6 8.
O-O Nxd4 9. Bxd4 Bxd4 10. Qxd4 Qxd4 11. cxd4 d5 12. exd5 Nxd5 13. Bf3 c6 14.
Bxd5 cxd5 15. Nc3 Be6 16. Rfe1 Kd7 17. Re3 Rac8 18. Rae1 Rc4 19. Rd3 Rhc8 20.
Rd2 a6 21. f3 b5 22. Kf2 Kd6 23. g4 f6 24. Nd1 Rc2 25. Rxc2 Rxc2+ 26. Re2 Rc1
27. Ne3 g6 28. Rc2 Ra1 29. a3 Bd7 30. Rd2 Rb1 31. Nd1 a5 32. Nc3 Rc1 33. Ne2
Rh1 34. Kg2 Ra1 35. Nf4 Rc1 36. Nd3 Rc4 37. Nc5 Bc6 38. Kf2 a4 39. Na6 Rc1 40.
Ke3 Bd7 41. Nc5 1/2-1/2

[Event "1.b HSL 19 "]
[Site "Mali Losinj"]
[Date "2019.10.01"]
[Round "4.16"]
[White "Blagojevic, Marijan"]
[Black "Tesla, Miro"]
[Result "1/2-1/2"]
[WhiteElo "2196"]
[BlackElo "2073"]
[PlyCount "81"]
[EventDate "2019.09.28"]
[EventCountry "CRO"]
[WhiteTeam "ŠK BJELOVAR, Bjelovar"]
[BlackTeam "ŠK ŠIBENIK, Šibenik"]

1. d4 Nf6 2. c4 g6 3. Nc3 Bg7 4. e4 d6 5. Nf3 O-O 6. h3 Na6 7. Be3 e5 8. d5 Nc5
9. Nd2 a5 10. g4 Bd7 11. Qc2 h5 12. g5 Ne8 13. Rg1 Na6 14. a3 c5 15. h4 Nac7
16. Bd3 a4 17. Qd1 Ra6 18. b4 axb3 19. Qxb3 Na8 20. Ke2 Nb6 21. Nb5 Na4 22. Nb1
Nc7 23. N1c3 Nxc3+ 24. Nxc3 Qa8 25. Rgb1 b6 26. f3 Qd8 27. Qa2 f5 28. Rb3 Qe7
29. Rab1 f4 30. Bd2 Rfa8 31. Rxb6 Rxa3 32. Rb8+ Bf8 33. Qb2 R3a7 34. Qb6 Be8
35. Rb7 Rxb7 36. Qxb7 Qd8 37. Qb6 Qd7 38. Kd1 Be7 39. Kc2 Kf7 40. Be2 Bd8 41.
Qb7 1/2-1/2

[Event "1.b HSL 19 "]
[Site "Mali Losinj"]
[Date "2019.10.01"]
[Round "4.21"]
[White "Sokolov, Ivan"]
[Black "Medvegy, Zoltan"]
[Result "1-0"]
[WhiteElo "2584"]
[BlackElo "2539"]
[PlyCount "81"]
[EventDate "2019.09.28"]
[EventCountry "CRO"]
[WhiteTeam "ŠK STRIDON, Štrigova"]
[BlackTeam "ŠK GORAN, Bibinje"]

1. d4 e6 2. c4 Bb4+ 3. Bd2 a5 4. Nc3 Nf6 5. e3 d5 6. Nge2 O-O 7. a3 Be7 8. cxd5
exd5 9. Nf4 c6 10. Bd3 Na6 11. O-O Nc7 12. f3 Ne6 13. Nxe6 Bxe6 14. Ne2 Re8 15.
Qc2 h6 16. Kh1 Qb6 17. Bc3 Nd7 18. Nf4 Nf8 19. e4 Bg5 20. Nxe6 Nxe6 21. Qf2 c5
22. dxc5 Qxc5 23. exd5 Qxd5 24. Be4 Qb5 25. a4 Qa6 26. f4 Bxf4 27. Bd5 Rf8 28.
Qf3 Rad8 29. Bxb7 Qb6 30. Rad1 Rxd1 31. Rxd1 Qc7 32. Bc6 Bxh2 33. Rd7 Qb8 34.
Bd5 Ng5 35. Qf5 Bg3 36. b3 Qc8 37. Bc4 Qe8 38. Bxa5 Kh8 39. Rd8 Qe7 40. Qd3 Ne4
41. Rxf8+ 1-0

[Event "1.b HSL 19 "]
[Site "Mali Losinj"]
[Date "2019.10.01"]
[Round "4.22"]
[White "Rezan, Sasa"]
[Black "Nemeth, Miklos"]
[Result "0-1"]
[WhiteElo "2432"]
[BlackElo "2488"]
[PlyCount "70"]
[EventDate "2019.09.28"]
[EventCountry "CRO"]
[WhiteTeam "ŠK GORAN, Bibinje"]
[BlackTeam "ŠK STRIDON, Štrigova"]

1. d4 Nf6 2. c4 e6 3. Nc3 Bb4 4. e3 O-O 5. Bd3 d5 6. Nf3 c5 7. O-O cxd4 8. exd4
dxc4 9. Bxc4 b6 10. Qe2 Bxc3 11. bxc3 Qc7 12. Rd1 Bb7 13. Bd3 Nbd7 14. c4 Rfe8
15. Bb2 Qf4 16. Qe3 Nh5 17. Nd2 e5 18. d5 Nc5 19. Bf1 Qxe3 20. fxe3 Nf6 21. a4
a5 22. Ba3 Nxa4 23. Bd6 Rad8 24. Bc7 Rc8 25. d6 Bc6 26. Rdb1 Nd7 27. Bd3 g6 28.
Be4 Bxe4 29. Nxe4 f5 30. Rxa4 fxe4 31. Rxb6 Rxc7 32. dxc7 Nxb6 33. Rxa5 Kf7 34.
Rc5 Nc8 35. Rd5 Re7 0-1